Česká a slovenská geografie zemědělství: transformace, vstup do Evropské unie ... a dál? Multifunkcionalita?

Od produktivizmu k multifunkčnému poľnohospodárstvu. Multifunkčné poľnohospodárstvo a poľnohospodárska multifunkcionalita. Multifunkcionalita poľnohospodárstva: normatívne prístupy. Geografia a multifunkcionalita.

Guardado en:
Detalles Bibliográficos
Autor principal: Konečný, Ondřej
Otros Autores: Hrabák, Jiří
Formato: Capítulo de libro
Lenguaje:checo
Materias:
Etiquetas: Agregar Etiqueta
Sin Etiquetas, Sea el primero en etiquetar este registro!

MARC

LEADER 00000naa a2200000 4500
001 0220610
005 20221019173652.3
041 0 |a cze 
044 |a SK 
245 1 0 |a Česká a slovenská geografie zemědělství: transformace, vstup do Evropské unie ... a dál? Multifunkcionalita?  |c Ondřej Konečný, Jiří Hrabák 
520 |a Od produktivizmu k multifunkčnému poľnohospodárstvu. Multifunkčné poľnohospodárstvo a poľnohospodárska multifunkcionalita. Multifunkcionalita poľnohospodárstva: normatívne prístupy. Geografia a multifunkcionalita. 
610 2 0 |a geografia hospodárska 
610 2 0 |a poľnohospodárstvo 
610 2 0 |a Česko 
610 2 0 |a Slovensko 
100 1 |a Konečný, Ondřej 
700 1 |a Hrabák, Jiří